<?xml version="1.0" encoding="UTF-8"?>
<record
    xmlns:xsi="http://www.w3.org/2001/XMLSchema-instance"
    xsi:schemaLocation="http://www.loc.gov/MARC21/slim http://www.loc.gov/standards/marcxml/schema/MARC21slim.xsd"
    xmlns="http://www.loc.gov/MARC21/slim">

  <leader>00546nam a22001697a 4500</leader>
  <controlfield tag="005">20260225100446.0</controlfield>
  <controlfield tag="008">260225b        |||||||| |||| 00| 0 eng d</controlfield>
  <datafield tag="020" ind1=" " ind2=" ">
    <subfield code="a">978-9-0041-4861-1</subfield>
  </datafield>
  <datafield tag="050" ind1=" " ind2=" ">
    <subfield code="a">K639.F74 2007</subfield>
  </datafield>
  <datafield tag="100" ind1=" " ind2=" ">
    <subfield code="a">MICHAEL FREEMAN</subfield>
  </datafield>
  <datafield tag="245" ind1=" " ind2=" ">
    <subfield code="a">A COMMENTARY ON THE UNITED NATIONS CONVENTION ON THE RIGHTS OF THE CHILD</subfield>
  </datafield>
  <datafield tag="260" ind1=" " ind2=" ">
    <subfield code="a">BOSTON</subfield>
    <subfield code="b">MARTINUS NIJHOFF PUBLISHERS</subfield>
    <subfield code="c">2007</subfield>
  </datafield>
  <datafield tag="300" ind1=" " ind2=" ">
    <subfield code="a">X,79</subfield>
  </datafield>
  <datafield tag="500" ind1=" " ind2=" ">
    <subfield code="a">INCLUDES BIBLIOGRAPHY</subfield>
  </datafield>
  <datafield tag="650" ind1=" " ind2=" ">
    <subfield code="a">Childrens legal status,law.-convention on the right of the child</subfield>
  </datafield>
  <datafield tag="942" ind1=" " ind2=" ">
    <subfield code="2">lcc</subfield>
    <subfield code="c">BK</subfield>
  </datafield>
  <datafield tag="999" ind1=" " ind2=" ">
    <subfield code="c">216640</subfield>
    <subfield code="d">216640</subfield>
  </datafield>
  <datafield tag="952" ind1=" " ind2=" ">
    <subfield code="0">0</subfield>
    <subfield code="1">0</subfield>
    <subfield code="2">lcc</subfield>
    <subfield code="4">0</subfield>
    <subfield code="6">K0639 F74  02007</subfield>
    <subfield code="7">0</subfield>
    <subfield code="8">LAW</subfield>
    <subfield code="9">375412</subfield>
    <subfield code="a">KSUL</subfield>
    <subfield code="b">KSUL</subfield>
    <subfield code="c">DISPLAY</subfield>
    <subfield code="d">2026-02-25</subfield>
    <subfield code="i">112066</subfield>
    <subfield code="l">0</subfield>
    <subfield code="o">K639 .F 74 2007</subfield>
    <subfield code="p">A000682</subfield>
    <subfield code="r">2026-02-25 10:08:00</subfield>
    <subfield code="t">3</subfield>
    <subfield code="w">2026-02-25</subfield>
    <subfield code="y">BK</subfield>
  </datafield>
  <datafield tag="952" ind1=" " ind2=" ">
    <subfield code="0">0</subfield>
    <subfield code="1">0</subfield>
    <subfield code="2">lcc</subfield>
    <subfield code="4">0</subfield>
    <subfield code="6">KF0639 F74  02007</subfield>
    <subfield code="7">0</subfield>
    <subfield code="8">LAW</subfield>
    <subfield code="9">375414</subfield>
    <subfield code="a">KSUL</subfield>
    <subfield code="b">KSUL</subfield>
    <subfield code="c">DISPLAY</subfield>
    <subfield code="d">2026-02-25</subfield>
    <subfield code="i">112065</subfield>
    <subfield code="l">0</subfield>
    <subfield code="o">KF 639 .F 74 2007</subfield>
    <subfield code="p">A000670</subfield>
    <subfield code="r">2026-02-25 10:08:00</subfield>
    <subfield code="t">2</subfield>
    <subfield code="w">2026-02-25</subfield>
    <subfield code="y">BK</subfield>
  </datafield>
  <datafield tag="952" ind1=" " ind2=" ">
    <subfield code="0">0</subfield>
    <subfield code="1">0</subfield>
    <subfield code="2">lcc</subfield>
    <subfield code="4">0</subfield>
    <subfield code="6">KF0639 F74  02007</subfield>
    <subfield code="7">0</subfield>
    <subfield code="8">LAW</subfield>
    <subfield code="9">375415</subfield>
    <subfield code="a">KSUL</subfield>
    <subfield code="b">KSUL</subfield>
    <subfield code="c">DISPLAY</subfield>
    <subfield code="d">2026-02-25</subfield>
    <subfield code="i">112064</subfield>
    <subfield code="l">0</subfield>
    <subfield code="o">KF 639 .F 74 2007</subfield>
    <subfield code="p">A000668</subfield>
    <subfield code="r">2026-02-25 10:08:00</subfield>
    <subfield code="t">1</subfield>
    <subfield code="w">2026-02-25</subfield>
    <subfield code="y">BK</subfield>
  </datafield>
</record>
